1083 1256 1614 1174 1621 1567 1421 1347 1599 1836 1281 1990 1763 1957 1379 1403 1693 1220 1792 1768 1988 1667 1820 1293 1082 1431 1044 1810 1441 1931 1276 1282 1994 1274 1898 1198 1377 1293 1879 1614 1715 1324 1465 1566 1901 1727 1831 1145 1513 1610 1462 1295 1673 1035 1175 1512 1695 1648 1971 1066 1711 1047 1804 1366 1613 1727 1784 1915 1611 1009 1599 1675 1358 1453 1537 1199 1314 1790 1441 1434 1131 1129 1183 1373 1993 1580 1905 1884 1578 1591 1858 1363 1037 1289 1308 1533 1886 1355 1705 BCNSPRNW ULIB Ver.6.0+V

เปลี่ยนเป็นภาษาไทย

Change to English
 แสดงรายละเอียดบรรณานุกรม
  กลับหน้าหลัก

Brief Record : Get Marc (ISO 2709) : E-mail record : QR code < ปิดหน้าต่าง
LEADER : 00000nam 2200000uu 4500
001    13399126810
003     ULIB
008    190306s2559||||th 000 0 tha d
020    ^a9789740332183
060    ^aWW100^bป57จ
100    ^aเปรมจิต เศาฌานนท์
245    ^aจักษุจุฬา/^cเปรมจิต เศาฌานนท์
250    ^aพิมพ์ครั้งที่ 2
260    ^aกรุงเทพฯ :^bพิมพ์ดี,^c2559
300    ^a327 หน้า
650    ^aตา
945    ^p220^l0^i27339
945    ^p220^l0^i27340
945    ^p220^l0^i27341
945    ^p220^l0^i27337
945    ^p220^l0^i27338
999    ^aกัณชพร จุลอักษร
รายการนี้ยังไม่มีแท็ก
คุณยังไม่ได้ล็อกอิน คุณสามารถมีกิจกรรมร่วมกับเว็บไซต์ได้ แต่ต้องล็อกอินก่อน ::
  ล็อกอิน

รายการสื่อสารสนเทศ

ลำดับที่ ประเภท เลขเรียก/บาร์โค้ด สถานที่ สถานะ
1. หนังสือสำรอง
หนังสือสำรอง
WW100 ป57จ ฉ.1 
  Barcode: 27337
ห้องสมุดวิทยาเขตนครสวรรค์
►หนังสือทั่วไป:l:General Books
ถูกยืม กำหนดส่งวันที่ 18 พฤษภาคม 2569
  จอง
2. วิทยาศาสตร์การแพทย์ และสุขภาพ
วิทยาศาสตร์การแพทย์ และสุขภาพ
WW100 ป57จ ฉ.2 
  Barcode: 27338
ห้องสมุดวิทยาเขตนครสวรรค์
►หนังสือทั่วไป:l:General Books
บนชั้น
3. วิทยาศาสตร์การแพทย์ และสุขภาพ
วิทยาศาสตร์การแพทย์ และสุขภาพ
WW100 ป57จ ฉ.3 
  Barcode: 27339
ห้องสมุดวิทยาเขตนครสวรรค์
►หนังสือทั่วไป:l:General Books
บนชั้น
4. วิทยาศาสตร์การแพทย์ และสุขภาพ
วิทยาศาสตร์การแพทย์ และสุขภาพ
WW100 ป57จ ฉ.4 
  Barcode: 27340
ห้องสมุดวิทยาเขตนครสวรรค์
►หนังสือทั่วไป:l:General Books
บนชั้น
5. วิทยาศาสตร์การแพทย์ และสุขภาพ
วิทยาศาสตร์การแพทย์ และสุขภาพ
WW100 ป57จ ฉ.5 
  Barcode: 27341
ห้องสมุดวิทยาเขตนครสวรรค์
►หนังสือทั่วไป:l:General Books
บนชั้น

รายการใกล้เคียง
    ผู้แต่ง [เปรมจิต เศาฌานนท์]

    หัวเรื่อง [ตา]

BibComment


ยังไม่เคยถูกคอมเมนท์

คอมเมนท์ทรัพยากรรายการนี้
  คอมเมนท์: จักษุจุฬา เปรมจิ..


 Copyright 2026. Bcnsprnw @Library